Statistics for WWE Women’s Themes

Click here to take the quiz!

General Stats

  • This quiz has been taken 20 times
  • The average score is 20 of 29

Answer Stats

HintAnswer% Correct
You Can’t HideAsuka
100%
All Hail The QueenCharlotte Flair
100%
Celtic InvasionBecky Lynch
93%
Watch Me ShineBianca Belair
93%
GlowNaomi
93%
Not Like Most GirlsNia Jax
93%
Demon In Your DreamsRhea Ripley
93%
Princess Of Staten IslandCarmella
87%
Tokyo ShockIyo Sky
87%
Liv Gone MadLiv Morgan
87%
New FoundationNatalya
87%
VEGAZelina Vega
87%
DeliveranceBayley
80%
A Storm Is ComingJade Cargill
73%
Limb By LimbShayna Baszler
73%
Hot MessChelsea Green
67%
KombatDakota Kai
67%
Cut Above The RestZoey Stark
67%
Fight MeAlexa Bliss
60%
Keep UpTiffany Stratton
60%
ImpressiveIndi Hartwell
53%
The Next VoyageKairi Sane
53%
Taste The JealousyPiper Niven
53%
Wickeder WaysCandice Lerae
47%
Party All The TimeKatana & Kayden
47%
Blue MarvelTegan Nox
47%
I AmMia Yim
40%
Rock It Like MeMaxxine Dupri
33%
Turnin' HeadsElektra Lopez
20%

Score Distribution

Percentile by Number Answered

Percent of People with Each Score

Your Score History

You have not taken this quiz